ALL Sovereign States (countries) and Dependent Territories - Statistics

General Stats
  • This quiz has been taken 729 times
  • The average score is 139 of 299
Answer Stats
Country % Correct
United States
77%
Canada
69%
Afghanistan
67%
Antigua & Barbuda
66%
Albania
65%
Argentina
65%
French Guiana
65%
United Kingdom
65%
Andorra
64%
Mexico
64%
Dominican Republic
62%
France
62%
Australia
61%
Panama
61%
Armenia
60%
Austria
60%
Cuba
60%
Germany
60%
Italy
60%
Norway
60%
Russia
60%
Spain
60%
Angola
59%
Brazil
59%
China
59%
Costa Rica
59%
El Salvador
59%
Finland
59%
Guatemala
59%
Netherlands
59%
Sweden
59%
Algeria
58%
Belgium
58%
Belize
58%
Colombia
58%
Honduras
58%
Ireland
58%
Japan
58%
Portugal
58%
Abkhazia
57%
American Samoa
57%
Azerbaijan
57%
Barbados
57%
Bulgaria
57%
Denmark
57%
Dominica
57%
Grenada
57%
Iceland
57%
India
57%
Iran
57%
Nicaragua
57%
Peru
57%
Poland
57%
The Bahamas
57%
Vatican City
57%
Bolivia
56%
Chile
56%
Ecuador
56%
Estonia
56%
Iraq
56%
North Korea
56%
Saint Lucia
56%
Turkey
56%
Bosnia & Herzegovina
55%
Cyprus
55%
Democratic Republic of the Congo
55%
Greece
55%
Guyana
55%
Haiti
55%
Israel
55%
Latvia
55%
Liechtenstein
55%
Lithuania
55%
Luxembourg
55%
Paraguay
55%
Saint Kitts & Nevis
55%
San Marino
55%
South Korea
55%
Suriname
55%
Ukraine
55%
Venezuela
55%
Belarus
54%
Georgia
54%
Hungary
54%
Kazakhstan
54%
Oman
54%
Saudi Arabia
54%
Slovakia
54%
South Africa
54%
Switzerland
54%
United Arab Emirates
54%
Anguilla
53%
Croatia
53%
Czech Republic
53%
Egypt
53%
Guinea
53%
Indonesia
53%
Jamaica
53%
Kosovo
53%
Malta
53%
Morocco
53%
Republic of the Congo
53%
Romania
53%
Saint Vincent & the Grenadines
53%
Samoa
53%
Serbia
53%
Slovenia
53%
Somalia
53%
South Sudan
53%
Sudan
53%
Trinidad & Tobago
53%
Aruba
52%
Bahrain
52%
Bermuda
52%
Brunei
52%
Chad
52%
Greenland
52%
Libya
52%
Maldives
52%
Moldova
52%
Monaco
52%
Montenegro
52%
Pakistan
52%
Singapore
52%
Syria
52%
Turkmenistan
52%
Yemen
52%
Bangladesh
51%
Burundi
51%
Fiji
51%
Guinea-Bissau
51%
Kenya
51%
Kuwait
51%
Laos
51%
Lebanon
51%
Malaysia
51%
Mauritius
51%
Mongolia
51%
New Zealand
51%
Niger
51%
North Macedonia
51%
Palestine
51%
Qatar
51%
Rwanda
51%
Seychelles
51%
Sri Lanka
51%
Thailand
51%
Benin
50%
Bhutan
50%
Botswana
50%
Cambodia
50%
Central African Republic
50%
Comoros
50%
East Timor
50%
Eswatini
50%
Ethiopia
50%
Guam
50%
Kyrgyzstan
50%
Lesotho
50%
Mali
50%
Nauru
50%
Nepal
50%
Palau
50%
Senegal
50%
Taiwan
50%
Tajikistan
50%
Tanzania
50%
The Gambia
50%
Togo
50%
Tonga
50%
Tunisia
50%
Tuvalu
50%
Uganda
50%
Uzbekistan
50%
Vietnam
50%
Cameroon
49%
Djibouti
49%
Equatorial Guinea
49%
Eritrea
49%
Gabon
49%
Ghana
49%
Jersey
49%
Jordan
49%
Myanmar
49%
Namibia
49%
Nigeria
49%
Philippines
49%
Vanuatu
49%
Zambia
49%
British Virgin Islands
48%
Curacao
48%
Guernsey
48%
Isle of Man
48%
Liberia
48%
Madagascar
48%
Malawi
48%
Mauritania
48%
Puerto Rico
48%
Sao Tome & Principe
48%
Sierra Leone
48%
Zimbabwe
48%
Burkina Faso
47%
Cayman Islands
47%
Faroe Islands
47%
Federated States of Micronesia
47%
French Polynesia
47%
Marshall Islands
47%
Mozambique
47%
Solomon Islands
47%
Falkland Islands
46%
Gibraltar
46%
Ivory Coast
46%
Kiribati
46%
Niue
46%
South Ossetia
45%
Aland
44%
Cape Verde
44%
Guadeloupe
44%
Hong Kong
44%
New Caledonia
44%
Northern Mariana Islands
44%
Reunion
43%
Somaliland
43%
Bonaire
41%
Christmas Island
41%
Cook Islands
41%
Mayotte
41%
Martinique
40%
Montserrat
40%
Svalbard
40%
Macau
39%
Transnistria
39%
Northern Cyprus
38%
Papua New Guinea
38%
Pitcairn Islands
38%
Saint Martin
38%
Tokelau
38%
Turks & Caicos Islands
38%
Papua
37%
Norfolk Island
36%
Saint Barthelemy
35%
Saint Pierre & Miquelon
35%
Sint Maarten
34%
Wallis & Futuna
33%
British Indian Ocean Territory
32%
Easter Island
32%
Akrotiri & Dhekelia
31%
Artsakh
31%
Saba
31%
Sint Eustatius
30%
Canary Islands
28%
United States Virgin Islands
28%
Ceuta
27%
Johnston Atoll
26%
Midway Atoll
26%
Wake Island
26%
Bouvet Island
25%
Jarvis Island
25%
Melilla
25%
Palmyra Atoll
25%
Ashmore & Cartier Islands
24%
South Georgia & the South Sandwich Islands
24%
Baker Island
23%
Madeira
23%
British Antarctic Territory
22%
Cocos (Keeling) Islands
22%
Kingman Reef
22%
Galapagos Islands
21%
Hawaii
21%
Navassa Island
21%
Clipperton Island
20%
Coral Sea Islands
20%
French Southern & Antarctic Lands
20%
Howland Island
20%
Northern Ireland
20%
Saint Helena, Ascension & Tristan da Cunha
19%
Australian Antarctic Territory
17%
Ross Dependency
17%
Argentine Antarctica
16%
Queen Maud Land
16%
Sahrawi Arab Democratic Republic
15%
Adelie Land
14%
Chilean Antarctic Territory
14%
Bajo Nuevo Bank
13%
Peter I Island
13%
Serranilla Bank
12%
West Papua
9%
Marie Byrd Land
8%
Federal Dependencies
6%
Nueva Esparta
6%
Pelagie Islands
6%
San Andres & Providencia
6%
Socotra Archipelago
5%
Ogasawara Village
4%
Plazas de Soberania
4%
No matching quizzes found
Score Distribution
Percent of People with Each Score
Percentile by Number Answered
Your Score History
You have not taken this quiz